00719 2200265 4500001002100000005001700021008004100038020001800079035002400097082001100121090001800132100001900150245008300169250001500252260003100267300002300298500002900321650001900350700002400369850000900393985000600402999001500408999001500423999001500438YOGYA-0209000007301320090227093657.0 ind  a979-9246-30-X 0010-020900000073013 a371.32 a371.32bSup A aSUPRIADI, Dedi aAnatomi buku sekolah di IndonesiacDedi supriadi;penyunting,Hermawan H.Nugroho aEd.1,cet.1 aYogyakartabAdi Citac2001 axix,314 hlmc23 cm aBibliografi: hlm 311-314 aBuku pelajaran aNugroho, Hermawan H aBPAD a3 a08B0043831 a08B0043832 a08B0043833